banner-ar

نصوص مختارة من التراث الوجودى ( هدية من الاديب عبدالفتاح الجمل ) / (Record no. 41423)

MARC details
000 -الفاتح
حقل البيانات ثابتة الطول 00691nam a2200217Ia 4500
008 - عناصر البيانات ثابتة الطول - معلومات عامة
حقل البيانات ثابتة الطول 140319s9999 xx 000 0 ara d
040 ## - مصدر الفهرسة
وكالة الفهرسة الأصلية GCL /
وكالة النسخ GCL
082 04 - رقم تصنيف ديوى العشرى
رقم التصنيف 139.7
رقم المادة ف ن
100 1# - المدخل الرئيسى - إسم شخصى
الإسم الشخصى فؤاد كامل (مترجم)
245 10 - بيان العنوان
العنوان نصوص مختارة من التراث الوجودى ( هدية من الاديب عبدالفتاح الجمل ) /
بيان المسئوليه,etc فؤاد كامل (مترجم)
700 1# - المدخل الاضافى - اسم شخصى
الإسم الشخصى فال، جان
700 1# - المدخل الاضافى - اسم شخصى
الإسم الشخصى كيركجور
700 1# - المدخل الاضافى - اسم شخصى
الإسم الشخصى يسبرز
300 ## - الوصف المادى
التعداد 157 ص
490 ## - بيان السلسلة
عنوان السلسلة نصوص فلسفية
رقم المجلد/ التعيين التسلسلي 0
650 04 - المدخل الاضافى بالموضوع-مصطلح موضوعى
مصطلح موضوعي الفلسفة
650 04 - المدخل الاضافى بالموضوع-مصطلح موضوعى
مصطلح موضوعي الوجودية
650 04 - المدخل الاضافى بالموضوع-مصطلح موضوعى
مصطلح موضوعي ما وراء الطبيعة, علم
942 ## - عناصر المدخل الإضافي( كوها)
مصدر التصنيف او مخطط الترفيف Dewey Decimal Classification
Koha [default] item type كتاب
Holdings
حالة التراجع حالة الفقد حالة تلف ليس للاعارة المكان المؤقت الموقع الحالى تاريخ الاكتساب اجمالي اﻻعارات رقم الطلب الباركود تاريخ اخر مشاهدة تاريخ تفعيل السعر نوع وعاء كوها
        مكتبة القاهرة الكبرى مكتبة القاهرة الكبرى 03/26/2014   139.7\ف ن 100010 03/26/2014 03/26/2014 كتاب

Powered By

EGPV